| 000 | 00894cam a22002894a 4500 | ||
|---|---|---|---|
| 001 | 32431 | ||
| 005 | 20230410120922.0 | ||
| 008 | 030428s2004 mau b 001 0 eng | ||
| 035 | _a13178273 | ||
| 925 | 0 |
_aacquire _b2 shelf copies _xpolicy default |
|
| 942 |
_2lcc _cbk |
||
| 010 | _a 2003009841 | ||
| 020 | _a0745631320 (hc : acid-free) | ||
| 020 | _a0745631339 (pd : acid-free) | ||
| 040 |
_aDLC _cDLC _dDLC |
||
| 042 | _apcc | ||
| 050 | 1 | 4 |
_aJC 337 _bE26c 2004 |
| 082 | 0 | 0 |
_a300 _221 |
| 100 | 1 |
_aEdwards, Michael, _d1957- |
|
| 245 | 1 | 0 |
_aCivil society / _cMichael Edwards. |
| 260 |
_aMalden, MA : _bPolity Press, _c2004. |
||
| 300 |
_aix, 138 p. ; _c23 cm. |
||
| 504 | _aIncludes bibliographical references(p. [120]-130) and index. | ||
| 650 | 0 | _aCivil society. | |
| 650 | 0 | _aSocial contract. | |
| 856 | 4 | 1 |
_3Table of contents _uhttp://www.loc.gov/catdir/toc/ecip043/2003009841.html |
| 999 |
_c54417 _d54417 |
||